000 00445nam a2200157Ia 4500
003 GCL
008 140319s9999 xx 000 0 ara d
040 _aGCL /
_cGCL
082 0 4 _aط
_b372.4
_bد ك
100 1 _aدار المعارف
245 1 0 _aكلمات متقابلة /
_cدار المعارف
490 _aالهيئة العامة للاستعلامات
_v0
650 0 4 _aالتعليم
650 0 4 _aالاطفال
942 _2ddc
_cBK
999 _c51466
_d51466